Music Quiz

Random Music or Classical Quiz

Sound of Musical Instruments Quiz Stats

 Plays Quiz Updated Aug 11, 2016

Also try: Ebony and Ivory
Challenge
Share
Tweet
Score 0/20 Timer 08:00
3 Plays Today
# (Time) Instrument % Correct
2 (0:10 - 0:23)Piano
97%
1 (0:00 - 0:10)Saxophone
94.6%
3 (0:23 - 0:33)Flute
94.2%
5 (0:44 - 0:55)Cello
83%
13 (2:07 - 2:20)Trumpet
79.7%
14 (2:20 - 2:34)Violin
77.8%
11 (1:47 - 1:57)Organ
77.4%
7 (1:08 - 1:23)Viola
77%
12 (1:57 - 2:07)Guitar
74.4%
6 (0:55 - 1:08)Tuba
72.8%
# (Time) Instrument % Correct
15 (2:34 - 2:45)Trombone
70.3%
8 (1:23 - 1:26)Cymbal
69.7%
17 (3:00 - 3:10)Harp
69.2%
9 (1:26 - 1:32)Triangle
69.2%
10 (1:32 - 1:47)French horn
66.8%
19 (3:22 - 3:32)Double bass
66.7%
4 (0:33 - 0:44)Harpsichord
66.3%
20 (3:32 - 3:43)Clarinet
64.4%
16 (2:45 - 3:00)Oboe
62.5%
18 (3:10 - 3:22)Bassoon
49%

You're not logged in!

Compare scores with friends on all Sporcle quizzes.
Join for Free
OR
Log In

You Might Also Like...

Show Comments

Extras

Top Quizzes Today


Score Distribution

Your Account Isn't Verified!

In order to create a playlist on Sporcle, you need to verify the email address you used during registration. Go to your Sporcle Settings to finish the process.

Report this User

Report this user for behavior that violates our Community Guidelines.

Details: